On becoming a leader -(E-BOOK) (Record no. 192715)
[ view plain ]
| 000 -LEADER | |
|---|---|
| fixed length control field | 00948 a2200205 4500 |
| 003 - CONTROL NUMBER IDENTIFIER | |
| control field | Nust |
| 005 - DATE AND TIME OF LATEST TRANSACTION | |
| control field | 20170207154043.0 |
| 020 ## - INTERNATIONAL STANDARD BOOK NUMBER | |
| International Standard Book Number | 978-0-465-01408-8 |
| 040 ## - CATALOGING SOURCE | |
| Transcribing agency | Nust |
| 082 04 - DEWEY DECIMAL CLASSIFICATION NUMBER | |
| Classification number | 658.4 |
| 100 1# - MAIN ENTRY--PERSONAL NAME | |
| Personal name | Bennis, Warren G. |
| 245 10 - TITLE STATEMENT | |
| Title | On becoming a leader -(E-BOOK) |
| Statement of responsibility, etc. | Warren Bennis |
| 250 ## - EDITION STATEMENT | |
| Edition statement | Rev. and updated ed. |
| 260 ## - PUBLICATION, DISTRIBUTION, ETC. | |
| Place of publication, distribution, etc. | New York : |
| Name of publisher, distributor, etc. | Basic Books, |
| Date of publication, distribution, etc. | 2009 |
| 300 ## - PHYSICAL DESCRIPTION | |
| Extent | xxxix, 254 s. |
| 500 ## - GENERAL NOTE | |
| General note | P堯msl.: "The leadership classic" |
| 500 ## - GENERAL NOTE | |
| General note | P堯msl.: "Twentieth anniversary edition" |
| 505 ## - FORMATTED CONTENTS NOTE | |
| Formatted contents note | Mastering the Context (Page-1) Understanding the Basics (Page-33) Knowing Yourself (Page-49) Knowing the World (Page-67) Operating on Instinct (Page-95) Deploying Yourself Strike Hard, Try Everything (Page-107) Moving Through Chaos (Page-135) Getting People on Your Side (Page-147) Organizations Can Help—or Hinder (Page-165) Forging the Future (Page-185) Epilogue to the Twentieth-Anniversary Edition (Page-199) |
| 650 ## - SUBJECT ADDED ENTRY--TOPICAL TERM | |
| Topical term or geographic name entry element | E-BOOK |
| 942 ## - ADDED ENTRY ELEMENTS (KOHA) | |
| Source of classification or shelving scheme | |
| Koha item type | Book |
| Withdrawn status | Lost status | Source of classification or shelving scheme | Damaged status | Not for loan | Collection code | Permanent Location | Current Location | Date acquired | Total Checkouts | Full call number | Barcode | Date last seen | Price effective from | Koha item type |
|---|---|---|---|---|---|---|---|---|---|---|---|---|---|---|
| Military College of Signals (MCS) | Military College of Signals (MCS) | 12/12/2016 | 658.4 BEN | MCSEB-2271 | 12/08/2016 | 12/12/2016 | Book |
